Paroles - Les yeux de la mama - Kendji Girac - Statistiques

Statistiques générales
  • Ce quiz a été pris 439 fois
  • Le résultat moyen est 266 sur 328
Statistiques - réponses
Réponse % Correct
de
98%
la
98%
le
98%
ma
98%
m'a
98%
mon
98%
les
97%
moi
97%
yeux
97%
à
96%
dieu
96%
beaux
95%
mama
95%
se
95%
elle
94%
Oh
93%
oh
93%
pas
92%
tout
92%
me
91%
mais
90%
monde
88%
ses
88%
douceur
87%
gestes
87%
reste
87%
chaque
86%
seconde
85%
je
84%
porté
83%
porte
83%
avant
82%
encore
81%
est
81%
laissez-les
80%
Quand
79%
quand
79%
toujours
79%
même
78%
avec
77%
dans
77%
sera
77%
ce
75%
fait
75%
fidèle
75%
un
75%
lui
74%
serai
74%
des
73%
et
73%
comme
72%
j'ai
72%
lumière
72%
enlevez-moi
70%
que
69%
mal
68%
mes
68%
par
68%
aux
67%
froid
67%
soleil
67%
son
67%
ciel
64%
merveille
64%
plus
64%
pour
64%
éclats
63%
haut
63%
l'existence
63%
rit
63%
dit
62%
ris
62%
étoile
61%
hauteur
61%
silence
61%
miel
60%
prière
59%
qui
58%
étoiles
57%
n'suis
57%
m'élève
56%
sont
56%
souvent
56%
splendeur
56%
une
56%
c'est
55%
m'emportera
55%
chansons
54%
sans
54%
splendeurs
54%
coule
53%
folie
53%
grandeurs
53%
parmi
53%
sang
53%
faire
52%
veines
52%
coeur
51%
graal
51%
souffre
51%
centaines
50%
sève
49%
lionne
48%
quête
48%
souvenirs
48%
blesse
47%
infernal
47%
mille
46%
patience
46%
devient
45%
caresse
44%
relève
44%
ramène
42%
j'abandonne
37%
bercent
28%
Aucun quiz correspondant
Distribution des résultats
% des personnes avec chaque résultat
Percentile par nombre de réponses
Votre historique - résultats
Vous n’avez pas pris ce quiz